000 00303nam a2200109Ia 4500
008 200302s9999 xx 000 0 und d
100 _aMichael Franklin Ross AIA
245 _aBeyond Metabolism : The New Japanese Architecture
260 _bTata Mcgraw-Hill Publishing Co.
260 _c1978
300 _a200 P.,
999 _c44
_d44